Práctica pastoral y práctica política

Shranjeno v:
Bibliografske podrobnosti
Glavni avtor: Betto, Frei (Author)
Format: Knjiga
Jezik:španščina
Izdano: Santiago ISPAJ 1989
Serija:Documentos de Trabajo,7
Teme:
Oznake: Označite
Brez oznak, prvi označite!

MARC

LEADER 00000nam a2200000 a 4500
001 UCZ0846
003 CL-VaPUC
008 950810e19890000CL |||||||||||||||||spa|d
082 0 4 |a 253  |b BET  |2 21 
100 0 |a Betto, Frei  |e author  |9 344160 
245 1 0 |a Práctica pastoral y práctica política 
300 |a 26 p 
942 |c BK 
945 |d 19950810 00:00:00  |a aalvarez 
260 |a Santiago  |b ISPAJ  |c 1989 
650 7 |a PRACTICA RELIGIOSA  |2 CL-VaPUC  |9 344161 
650 7 |a PRACTICA POLITICA  |2 CL-VaPUC  |9 344162 
650 0 |a Cristianismo  |9 257361 
583 |a last modification  |c 19950810 00:00:00  |k Rodrigo Vera 
490 0 |a Documentos de Trabajo,7 
999 |c 237740  |d 237738 
952 |0 0  |1 0  |4 0  |6 253_000000000000000_BET_1989  |7 0  |8 A  |9 247401  |a BIBTEO  |b BIBTEO  |d 2019-11-18  |i 3108791  |o 253 BET 1989  |p 3108791  |r 2025-01-17  |w 2019-11-18  |y BK  |k ICR